[Event "Airthings Masters"]
[Site "chess.com INT"]
[Date "2023.02.03"]
[Round "4"]
[White "Gadir Guseinov"]
[Black "Arjun Erigaisi"]
[Result "1-0"]
[EventDate "2023.02.03"]
[WhiteElo "2661"]
[BlackElo "2701"]
[PlyCount "96"]

1. e4 c5 2. Nc3 e6 3. Nf3 Nc6 4. d4 cxd4 5. Nxd4 Nf6 6. Nxc6 bxc6 7. e5 Nd5 8. Ne4 Qc7 9. f4 Qb6 10. c4 Bb4+ 11. Ke2 f5 12. Nf2 Ba6 13. Kf3 Ne7 14. Be3 Bc5 15. Bxc5 Qxc5 16. Qd6 Qb6 17. b3 c5 18. Rd1 Bb7+ 19. Kg3 Rd8 20. h4 Nc8 21. Qd2 O-O 22. Be2 d6 23. exd6 Nxd6 24. Qc3 e5 25. Qxe5 Nf7 26. Qxf5 Nh6 27. Qg5 Rde8 28. Bd3 Re3+ 29. Kh2 Qc7 30. Rhe1 Rxf4 31. Kg1 Rxe1+ 32. Rxe1 Rf6 33. Be4 Nf7 34. Bd5 Kf8 35. Qe3 Nd6 36. Ne4 Nxe4 37. Qxe4 Bc6 38. Bxc6 Qxc6 39. Qxh7 Rg6 40. Re2 Kf7 41. Rf2+ Ke7 42. Qg8 Qe4 43. Qf7+ Kd8 44. Rd2+ Kc8 45. Qf8+ Kb7 46. Rd7+ Ka6 47. Qc8+ Ka5 48. Qxc5+ 1-0

[Event "Airthings Masters"]
[Site "chess.com INT"]
[Date "2023.02.03"]
[Round "5"]
[White "Arjun Erigaisi"]
[Black "Maxim Matlakov"]
[Result "1-0"]
[EventDate "2023.02.03"]
[WhiteElo "2701"]
[BlackElo "2662"]
[PlyCount "84"]

1. d4 Nf6 2. c4 e6 3. Nc3 d5 4. cxd5 exd5 5. Bg5 c6 6. e3 h6 7. Bh4 Be7 8. Bd3 O-O 9. Qc2 Re8 10. Nge2 Nbd7 11. f3 b5 12. O-O Bb7 13. Rad1 Rc8 14. Bf5 b4 15. Na4 Nh5 16. Bxe7 Qxe7 17. e4 dxe4 18. fxe4 Rcd8 19. Bxd7 Rxd7 20. Nc5 Rdd8 21. Qb3 Bc8 22. Qxb4 Bg4 23. Rd2 Nf6 24. Ng3 Nd7 25. Rdf2 Rf8 26. Nd3 Qg5 27. Qc3 Rc8 28. b4 Qe3 29. Re1 Qg5 30. Nc5 Nxc5 31. Qxc5 Qxc5 32. bxc5 Rfd8 33. Rd2 Rd7 34. Rb1 Rcd8 35. Rb4 h5 36. Kf2 h4 37. Ne2 f5 38. d5 fxe4 39. d6 Rf7+ 40. Ke3 Rf5 41. Rc4 h3 42. Nd4 1-0

[Event "Airthings Masters"]
[Site "chess.com INT"]
[Date "2023.02.03"]
[Round "6"]
[White "Olexandr Bortnyk"]
[Black "Arjun Erigaisi"]
[Result "1/2-1/2"]
[EventDate "2023.02.03"]
[WhiteElo "2605"]
[BlackElo "2701"]
[PlyCount "104"]

1. e4 c5 2. c3 d5 3. exd5 Qxd5 4. d4 Nf6 5. Nf3 e6 6. Be3 cxd4 7. cxd4 Bb4+ 8. Nc3 Qa5 9. Rc1 Qxa2 10. Bd3 Qxb2 11. Bd2 O-O 12. Rb1 Qa3 13. Ra1 Qxc3 14. Bxc3 Bxc3+ 15. Kf1 Bxa1 16. Qxa1 Nc6 17. h4 Nb4 18. Bb1 Bd7 19. h5 h6 20. Ne5 Rfc8 21. Qb2 Nbd5 22. g4 Rc7 23. g5 hxg5 24. h6 gxh6 25. Nxd7 Nxd7 26. Rxh6 Rac8 27. Be4 N7f6 28. Bxd5 Nxd5 29. Kg1 Kg7 30. Rh3 Rc1+ 31. Kh2 R8c2 32. Qxb7 Rxf2+ 33. Kg3 Rd2 34. Rh7+ Kxh7 35. Qxf7+ Kh6 36. Qxe6+ Kg7 37. Qd7+ Kg6 38. Qe8+ Kg7 39. Qd7+ Kf8 40. Qd8+ Kf7 41. Qxd5+ Kg6 42. Qe6+ Kh5 43. Qf7+ Kh6 44. Qf6+ Kh5 45. Qh8+ Kg6 46. Qg8+ Kh6 47. Qf8+ Kg6 48. Qe8+ Kh6 49. Qe6+ Kh5 50. Qf7+ Kh6 51. Qf6+ Kh5 52. Qf7+ 1/2-1/2

[Event "Airthings Masters"]
[Site "chess.com INT"]
[Date "2023.02.03"]
[Round "7"]
[White "Vladislav Kovalev"]
[Black "Arjun Erigaisi"]
[Result "0-1"]
[EventDate "2023.02.03"]
[WhiteElo "2623"]
[BlackElo "2701"]
[PlyCount "98"]

1. e4 c5 2. Nf3 e6 3. d4 cxd4 4. Nxd4 Nf6 5. Nc3 Nc6 6. Ndb5 d6 7. Bf4 e5 8. Bg5 a6 9. Na3 b5 10. Nd5 Be7 11. Bxf6 Bxf6 12. c4 b4 13. Nc2 a5 14. b3 Bg5 15. g3 O-O 16. h4 Bh6 17. Bh3 Be6 18. Kf1 Qb8 19. Kg2 a4 20. Qd3 Qb7 21. Rhd1 Rfd8 22. Bf5 Ra5 23. Rdb1 g6 24. Bxe6 fxe6 25. Nf6+ Kh8 26. Ng4 Bg7 27. Rh1 Qf7 28. Nh2 Rf8 29. Rhf1 d5 30. cxd5 exd5 31. Ne3 axb3 32. axb3 Rxa1 33. Rxa1 Qxf2+ 34. Kh3 d4 35. Nd5 Qf7 36. Kg2 h6 37. Ra6 Ne7 38. Nxe7 Qxe7 39. Rxg6 Qc7 40. Qa6 Qc2+ 41. Kh3 Qxe4 42. Ng4 Qf5 43. Rxg7 Kxg7 44. Qxh6+ Kg8 45. Qd6 d3 46. Qxb4 e4 47. Qd4 e3 48. Qxe3 Qf1+ 49. Kh2 Qe2+ 0-1

[Event "Airthings Masters"]
[Site "chess.com INT"]
[Date "2023.02.03"]
[Round "8"]
[White "Arjun Erigaisi"]
[Black "Vincent Keymer"]
[Result "1-0"]
[EventDate "2023.02.03"]
[WhiteElo "2701"]
[BlackElo "2690"]
[PlyCount "78"]

1. d4 Nf6 2. c4 e6 3. Nc3 Bb4 4. f3 d5 5. a3 Bd6 6. e4 dxe4 7. fxe4 e5 8. d5 O-O 9. Nf3 Bg4 10. h3 Bh5 11. Be3 Nbd7 12. Be2 Bc5 13. Qd3 c6 14. dxc6 Bxf3 15. cxd7 Bxe2 16. Qxe2 Bxe3 17. Qxe3 Qxd7 18. Rd1 Qe6 19. Nd5 Rfc8 20. O-O Nxd5 21. cxd5 Qb6 22. Qxb6 axb6 23. Rf3 Ra4 24. Rb3 Rxe4 25. Rxb6 Re2 26. Rxb7 f6 27. Rd3 Rcc2 28. Rg3 g6 29. d6 Red2 30. a4 Rxd6 31. a5 f5 32. Re7 Rdd2 33. Kh1 Kf8 34. Rxh7 f4 35. Rb3 Rd8 36. a6 e4 37. Rh8+ Ke7 38. Rxd8 f3 39. gxf3 1-0

[Event "Airthings Masters"]
[Site "chess.com INT"]
[Date "2023.02.03"]
[Round "9"]
[White "Alireza Firouzja"]
[Black "Arjun Erigaisi"]
[Result "1/2-1/2"]
[EventDate "2023.02.03"]
[WhiteElo "2785"]
[BlackElo "2701"]
[PlyCount "24"]

1. e4 c5 2. Nf3 e6 3. d4 cxd4 4. Nxd4 Nf6 5. Nc3 Nc6 6. Ndb5 Bb4 7. a3 Bxc3+ 8. Nxc3 d5 9. Bd3 dxe4 10. Nxe4 Nxe4 11. Bxe4 Qxd1+ 12. Kxd1 Bd7 1/2-1/2

[Event "Airthings Masters"]
[Site "chess.com INT"]
[Date "2023.02.03"]
[Round "1.1"]
[White "Dmitry Andreikin"]
[Black "Arjun Erigaisi"]
[Result "0-1"]
[EventDate "2023.02.03"]
[WhiteElo "2729"]
[BlackElo "2701"]
[PlyCount "82"]

1. d4 d5 2. c4 e6 3. Nc3 c6 4. cxd5 exd5 5. Bf4 Nf6 6. e3 Bf5 7. Nge2 Bd6 8. Ng3 Be6 9. Bd3 O-O 10. O-O Re8 11. h3 a5 12. a3 Na6 13. Be5 Bxe5 14. dxe5 Nd7 15. f4 Qh4 16. Kh2 g6 17. Nce2 Nac5 18. Nd4 Nxd3 19. Qxd3 f5 20. b4 Qe7 21. Nge2 Nb6 22. Nc3 Bf7 23. Rfb1 Nc4 24. Na4 Qc7 25. b5 Rxe5 26. b6 Qd6 27. Nc2 Rae8 28. Re1 Re4 29. Nc3 R4e7 30. Rad1 Nb2 31. Qd2 Nxd1 32. Rxd1 Rxe3 33. Nxe3 Qxf4+ 34. Kh1 Qxe3 35. Qb2 d4 36. Na4 Bd5 37. Nc5 Qxh3+ 38. Kg1 Qg4 39. Rxd4 Re1+ 40. Kh2 f4 41. Rxd5 Qg3# 0-1

[Event "Airthings Masters"]
[Site "chess.com INT"]
[Date "2023.02.03"]
[Round "1.2"]
[White "Arjun Erigaisi"]
[Black "Dmitry Andreikin"]
[Result "1/2-1/2"]
[EventDate "2023.02.03"]
[WhiteElo "2701"]
[BlackElo "2729"]
[PlyCount "104"]

1. d4 Nf6 2. c4 e6 3. Nc3 Bb4 4. e3 O-O 5. Bd3 d6 6. Ne2 e5 7. O-O Re8 8. a3 Bxc3 9. Nxc3 e4 10. Bc2 Nbd7 11. f3 Nb6 12. Nxe4 Nxe4 13. Bxe4 Nxc4 14. Bxh7+ Kh8 15. Be4 d5 16. b3 Nb6 17. Bc2 Qh4 18. e4 Qh7 19. Bf4 c6 20. a4 Be6 21. a5 Nd7 22. a6 bxa6 23. exd5 Bf5 24. Bxf5 Qxf5 25. dxc6 Qxf4 26. cxd7 Red8 27. Rxa6 Rxd7 28. Ra4 Qe3+ 29. Kh1 Rb8 30. Re1 Qxb3 31. Qxb3 Rxb3 32. h3 g6 33. Rea1 Rbb7 34. Ra6 Kg7 35. Kh2 Kf8 36. R1a2 Ke7 37. g4 Kd8 38. Kg3 Kc8 39. h4 Kb8 40. h5 gxh5 41. gxh5 Rxd4 42. h6 Rd8 43. Kf4 Rh8 44. R2a5 Rb4+ 45. Kf5 Rh4 46. Rxa7 R8xh6 47. Ra8+ Kc7 48. R5a7+ Kd6 49. Ra6+ Ke7 50. R6a7+ Kd6 51. Ra6+ Ke7 52. R6a7+ Kd6 1/2-1/2

[Event "Tata Steel Masters"]
[Site "Wijk aan Zee NED"]
[Date "2023.01.24"]
[Round "9"]
[White "Arjun Erigaisi"]
[Black "Richard Rapport"]
[Result "0-1"]
[EventDate "2023.01.14"]
[WhiteElo "2722"]
[BlackElo "2740"]
[PlyCount "50"]

1. d4 Nf6 2. c4 e6 3. Nc3 Bb4 4. e3 b6 5. Ne2 Ne4 6. Qc2 Bb7 7. a3 Bxc3+ 8. Nxc3 Nxc3 9. Qxc3 d6 10. b3 Qh4 11. Bb2 Be4 12. Qd2 g5 13. h3 g4 14. O-O-O Rg8 15. Qe2 Qh5 16. Rg1 Nd7 17. Qe1 gxh3 18. Be2 Qh6 19. gxh3 O-O-O 20. Rg4 f5 21. Rxg8 Rxg8 22. h4 Rg2 23. h5 f4 24. f3 Qxh5 25. Bf1 Rc2+ 0-1

[Event "World Blitz Championship"]
[Site "Almaty KAZ"]
[Date "2022.12.30"]
[Round "13.14"]
[White "Arjun Erigaisi"]
[Black "Vahap Sanal"]
[Result "1/2-1/2"]
[EventDate "2022.12.29"]
[WhiteElo "2722"]
[BlackElo "2597"]
[PlyCount "216"]

1. c4 e6 2. Nc3 d5 3. d4 Nf6 4. cxd5 exd5 5. Bg5 Bb4 6. e3 h6 7. Bh4 g5 8. Bg3 Ne4 9. Ne2 h5 10. h3 Nxg3 11. Nxg3 h4 12. Nh5 c6 13. a3 Bd6 14. e4 dxe4 15. Nxe4 Be7 16. Bc4 Kf8 17. Qf3 Qa5+ 18. Nc3 Qf5 19. Qe2 g4 20. hxg4 Qxg4 21. Qxg4 Bxg4 22. Nf4 Nd7 23. f3 Bf5 24. g4 Bd6 25. Nfe2 Nb6 26. Bb3 Bg6 27. f4 f5 28. Bc2 Nc4 29. Bxf5 Bxf5 30. gxf5 Ne3 31. Kf2 Nxf5 32. Ne4 Bc7 33. Rag1 Bb6 34. Nc5 Kf7 35. Rg5 Ng3 36. Rxh4 Rxh4 37. Kxg3 Rah8 38. Ne4 Bc7 39. d5 Rh3+ 40. Kf2 Bb6+ 41. Ke1 Be3 42. Kd1 Rd8 43. d6 Rh2 44. Rf5+ Kg6 45. Rg5+ Kh6 46. Re5 Rh4 47. f5 Bf4 48. Re6+ Kg7 49. f6+ Kg6 50. Kc2 Bh2 51. N2c3 Kf5 52. Re7 Bxd6 53. Re8 Bc7 54. f7 Rh8 55. Re7 Be5 56. Rxb7 Rhf8 57. Rxa7 Kg6 58. Ra6 Rc8 59. Nd5 Rxf7 60. Nb4 Kf5 61. Nc5 Bd4 62. Nb3 c5 63. Nd5 Ke4 64. Nc3+ Bxc3 65. Kxc3 c4 66. Nd2+ Kd5 67. Ra5+ Rc5 68. Ra8 Rh7 69. Rd8+ Kc6 70. Nxc4 Kc7 71. Rd4 Rb5 72. Rd3 Rh4 73. b4 Rg5 74. Kb3 Rg1 75. Rc3 Kb7 76. Na5+ Kb6 77. Rc6+ Ka7 78. Ka4 Rg3 79. Rc7+ Kb8 80. Re7 Rhh3 81. Nc6+ Kc8 82. Kb5 Re3 83. Na7+ Kb8 84. Nc6+ Kc8 85. Rg7 Rhg3 86. Rh7 Rh3 87. Na7+ Kb8 88. Rf7 Rhf3 89. Nc6+ Kc8 90. Rxf3 Rxf3 91. a4 Kc7 92. Nd4 Rd3 93. Kc4 Rh3 94. a5 Rh5 95. b5 Kb7 96. Ne6 Rh4+ 97. Nd4 Rh5 98. Kc3 Rh3+ 99. Kb4 Rh4 100. Kc4 Rh5 101. Ne2 Rh4+ 102. Kb3 Rg4 103. Nc3 Rh4 104. Nd5 Rd4 105. Nb4 Rh4 106. Nc6 Rh3+ 107. Kc4 Rh4+ 108. Kd5 Rh5+ 1/2-1/2

[Event "World Blitz Championship"]
[Site "Almaty KAZ"]
[Date "2022.12.30"]
[Round "15.16"]
[White "Arjun Erigaisi"]
[Black "Volodar Murzin"]
[Result "1-0"]
[EventDate "2022.12.29"]
[WhiteElo "2722"]
[BlackElo "2561"]
[PlyCount "154"]

1. d4 d5 2. c4 c6 3. cxd5 cxd5 4. Nc3 e6 5. Bf4 Bd6 6. Bg3 Qb6 7. Qd2 Ne7 8. e3 Bd7 9. Bd3 h6 10. Nf3 Bxg3 11. hxg3 Nbc6 12. Rc1 Rc8 13. g4 g6 14. Bb1 Kf8 15. Na4 Qd8 16. Nc5 b6 17. Nd3 Kg7 18. Kf1 Ng8 19. g3 Nf6 20. Nde5 Nxe5 21. Nxe5 Bb5+ 22. Kg2 Nd7 23. Nf3 Nf6 24. g5 hxg5 25. Rxh8 Qxh8 26. Rh1 Qd8 27. Nxg5 Qe7 28. f3 Rh8 29. Rxh8 Kxh8 30. e4 dxe4 31. fxe4 Kg7 32. Qc3 Nd5 33. Qc1 Nf6 34. Nf3 Qd7 35. b3 Ba6 36. Qb2 Bb7 37. d5 Qd8 38. dxe6 fxe6 39. Ng5 Qd6 40. Qc3 e5 41. Bd3 Kf8 42. Qc2 Ke7 43. Qc4 Kd7 44. Qf7+ Kc8 45. Qxg6 Qxd3 46. Qxf6 Bxe4+ 47. Kh3 Bf5+ 48. Kh4 Qd4+ 49. Kh5 Bg4+ 50. Kh6 Kb7 51. Nf7 Qe3+ 52. Qg5 Qxg3 53. Nxe5 Qh3+ 54. Kg7 Be6 55. Qe7+ Ka6 56. Qa3+ Kb7 57. Qd6 Ka6 58. Kf6 Qf5+ 59. Ke7 Bc8 60. Kd8 Qe6 61. Qd3+ Kb7 62. Qe4+ Ka6 63. Qa4+ Kb7 64. Qe4+ Ka6 65. Qd4 b5 66. Nd3 Qg8+ 67. Kc7 Qf7+ 68. Kxc8 Qb7+ 69. Kd8 Qb8+ 70. Ke7 Qc7+ 71. Ke6 Qc8+ 72. Ke5 Qh8+ 73. Ke4 Qh1+ 74. Ke3 Qg1+ 75. Nf2 Qe1+ 76. Kf3 Qf1 77. Qd1 1-0

[Event "World Blitz Championship"]
[Site "Almaty KAZ"]
[Date "2022.12.30"]
[Round "16.11"]
[White "Denis Lazavik"]
[Black "Arjun Erigaisi"]
[Result "1-0"]
[EventDate "2022.12.29"]
[WhiteElo "2537"]
[BlackElo "2722"]
[PlyCount "98"]

1. d4 Nf6 2. c4 g6 3. g3 Bg7 4. Bg2 O-O 5. Nc3 Nc6 6. Nf3 d5 7. cxd5 Nxd5 8. O-O Nb6 9. e3 Re8 10. h3 a5 11. d5 Bxc3 12. dxc6 Bf6 13. Nd4 bxc6 14. Nxc6 Qd6 15. Qc2 e5 16. Rd1 Qe6 17. b3 a4 18. Bb2 Bd7 19. Nb4 axb3 20. axb3 Rxa1 21. Rxa1 Qd6 22. Na6 Rc8 23. Ba3 Qe6 24. Nxc7 e4 25. Rd1 Qe5 26. Bd6 Qh5 27. g4 Qa5 28. Qc5 Qxc5 29. Bxc5 Rxc7 30. Bxb6 Rb7 31. Bxe4 Bxg4 32. Rd6 Re7 33. Rxf6 Rxe4 34. hxg4 Rxg4+ 35. Kf1 Rb4 36. Rc6 Rxb3 37. Rc8+ Kg7 38. Bd4+ Kh6 39. Rc7 f5 40. Kg2 g5 41. Rf7 Rb5 42. Kg3 Kg6 43. Rf6+ Kh5 44. Re6 Rb3 45. Kg2 h6 46. Bg7 f4 47. Rxh6+ Kg4 48. f3+ Kf5 49. e4# 1-0

[Event "World Blitz Championship"]
[Site "Almaty KAZ"]
[Date "2022.12.30"]
[Round "17.16"]
[White "Arjun Erigaisi"]
[Black "Vincent Keymer"]
[Result "0-1"]
[EventDate "2022.12.29"]
[WhiteElo "2722"]
[BlackElo "2696"]
[PlyCount "44"]

1. e4 c6 2. d4 d5 3. f3 Qb6 4. Nc3 dxe4 5. fxe4 e5 6. dxe5 Be6 7. Nf3 Nd7 8. Bd3 Ne7 9. Qe2 Ng6 10. Qf2 Ngxe5 11. a3 Bc5 12. Qg3 Ng4 13. Rf1 Be3 14. Nd1 Bxc1 15. Rxc1 Ne3 16. Qxg7 O-O-O 17. Rf2 Rhg8 18. Qd4 Nxg2+ 19. Kf1 Nc5 20. Qb4 Nf4 21. Be2 Qxb4 22. axb4 Nxe4 0-1

[Event "World Blitz Championship"]
[Site "Almaty KAZ"]
[Date "2022.12.30"]
[Round "18.24"]
[White "Andrew Tang"]
[Black "Arjun Erigaisi"]
[Result "1-0"]
[EventDate "2022.12.29"]
[WhiteElo "2540"]
[BlackElo "2722"]
[PlyCount "88"]

1. d4 e6 2. Bf4 Nf6 3. e3 c5 4. Nf3 Nc6 5. Nbd2 d5 6. c3 cxd4 7. exd4 Nh5 8. Be3 Bd6 9. Ne5 g6 10. g4 Ng7 11. h4 h5 12. Bg5 Be7 13. Bb5 Bd7 14. Bxc6 Bxc6 15. Qf3 f6 16. Nxg6 hxg4 17. Qxg4 Rh7 18. Bf4 Bd6 19. O-O-O Qc7 20. Bxd6 Qxd6 21. Ne5 O-O-O 22. Nf7 Qe7 23. Nxd8 Kxd8 24. h5 Nf5 25. Rde1 Be8 26. Qf4 Kd7 27. h6 Qd6 28. Qg4 Qf8 29. Rxe6 Kxe6 30. Re1+ Kd6 31. Qf4+ Kc6 32. Qxf5 Rxh6 33. Re6+ Kc7 34. Qxd5 Bc6 35. Qf5 Qg7 36. Qf4+ Kc8 37. Re1 Bd7 38. Ne4 Rg6 39. Nd6+ Kd8 40. Nxb7+ Kc8 41. Nd6+ Kd8 42. Qe4 f5 43. Qa8+ Kc7 44. Qxa7+ 1-0

[Event "World Blitz Championship"]
[Site "Almaty KAZ"]
[Date "2022.12.30"]
[Round "19.33"]
[White "Arjun Erigaisi"]
[Black "Robert Hovhannisyan"]
[Result "1-0"]
[EventDate "2022.12.29"]
[WhiteElo "2722"]
[BlackElo "2597"]
[PlyCount "66"]

1. d4 d5 2. Nc3 Nf6 3. Bf4 c5 4. e3 cxd4 5. exd4 a6 6. Nf3 Nc6 7. Ne5 e6 8. Nxc6 bxc6 9. Na4 Bd6 10. Bg3 a5 11. Bd3 Ba6 12. O-O Bxd3 13. Qxd3 O-O 14. Rac1 Bxg3 15. hxg3 h5 16. c4 g6 17. b3 Ne4 18. Nc3 Nxc3 19. Rxc3 Qd7 20. Rfc1 dxc4 21. Rxc4 Rfd8 22. Qe3 Ra6 23. Ra4 Rb6 24. Rcc4 Rb5 25. Qc3 Qd5 26. Rxc6 Qe4 27. f3 Qe2 28. Kh2 Rbd5 29. Qc2 Qe1 30. Qc1 Qf2 31. Rc2 Qxd4 32. Rxd4 Rxd4 33. Rc8 1-0

[Event "World Blitz Championship"]
[Site "Almaty KAZ"]
[Date "2022.12.30"]
[Round "20.26"]
[White "Aydin Suleymanli"]
[Black "Arjun Erigaisi"]
[Result "1/2-1/2"]
[EventDate "2022.12.29"]
[WhiteElo "2543"]
[BlackElo "2722"]
[PlyCount "108"]

1. c4 e6 2. Nc3 d5 3. d4 c6 4. e3 Nf6 5. Nf3 Nbd7 6. Qc2 Bd6 7. g4 h6 8. Rg1 e5 9. cxd5 cxd5 10. h4 e4 11. Nd2 g5 12. hxg5 hxg5 13. a4 Nb8 14. Nb5 Nc6 15. Nxd6+ Qxd6 16. Bb5 Bxg4 17. b3 Rc8 18. Ba3 Qh2 19. Rg3 a6 20. Qc5 axb5 21. axb5 Nd7 22. Qxd5 Qh1+ 23. Nf1 Bh3 24. Rxh3 Qxh3 25. bxc6 bxc6 26. Qxe4+ Qe6 27. Qxe6+ fxe6 28. Bd6 Rh1 29. Ke2 Nf6 30. Kf3 Nd5 31. Bh2 c5 32. dxc5 Rxc5 33. Kg2 Rxf1 34. Rxf1 Rb5 35. Rb1 Nc3 36. Rb2 Kf7 37. b4 e5 38. Rc2 Ne4 39. Rc4 Nf6 40. Rc5 Rxb4 41. Bxe5 Ne4 42. Rc6 g4 43. Bd4 Ra4 44. Rc2 Ke6 45. f3 gxf3+ 46. Kxf3 Kf5 47. Rb2 Ra5 48. Rb8 Ng5+ 49. Kg3 Ne6 50. Rb4 Nxd4 51. Rxd4 Ra1 52. Kf2 Ke5 53. Rb4 Rh1 54. Kf3 Rh3+ 1/2-1/2

[Event "World Blitz Championship"]
[Site "Almaty KAZ"]
[Date "2022.12.30"]
[Round "21.26"]
[White "Arjun Erigaisi"]
[Black "Maksim Chigaev"]
[Result "1-0"]
[EventDate "2022.12.29"]
[WhiteElo "2722"]
[BlackElo "2632"]
[PlyCount "74"]

1. d4 Nf6 2. c4 g6 3. g3 Bg7 4. Bg2 O-O 5. Nc3 d6 6. Nf3 c5 7. O-O Nc6 8. d5 Na5 9. Nd2 a6 10. Qc2 b5 11. cxb5 axb5 12. Nxb5 Qb6 13. Nc3 Bf5 14. e4 Bc8 15. b3 Ba6 16. Rd1 Ng4 17. Na4 Qa7 18. Bb2 Bxb2 19. Nxb2 Nxf2 20. Kxf2 c4+ 21. Kf3 f5 22. e5 f4 23. Kg4 Qf2 24. Be4 fxg3 25. hxg3 cxb3 26. Nxb3 Be2+ 27. Kh3 Rac8 28. Qd2 Nxb3 29. axb3 h5 30. Nd3 Bf1+ 31. Kh4 Qg1 32. exd6 exd6 33. Nf4 g5+ 34. Kxh5 Qxg3 35. Rxf1 Rxf4 36. Qxf4 gxf4 37. Rg1 1-0

[Event "World Blitz Championship"]
[Site "Almaty KAZ"]
[Date "2022.12.29"]
[Round "1.12"]
[White "Arjun Erigaisi"]
[Black "Nikita Petrov"]
[Result "1/2-1/2"]
[EventDate "2022.12.29"]
[WhiteElo "2722"]
[BlackElo "2537"]
[PlyCount "122"]

1. b3 d5 2. Bb2 Bg4 3. f3 Bd7 4. d4 Nf6 5. Nc3 e6 6. e4 c5 7. exd5 exd5 8. Nge2 Nc6 9. Qd2 cxd4 10. Nxd4 Bc5 11. Nxc6 bxc6 12. O-O-O O-O 13. Bd3 Re8 14. Rhe1 Qa5 15. Na4 Qxd2+ 16. Kxd2 Bb4+ 17. Bc3 Bd6 18. Bd4 Bxh2 19. Nc5 Be6 20. Rh1 Bd6 21. Kc3 h6 22. Ba6 Rab8 23. a4 Bc8 24. Bd3 a5 25. Rde1 Rxe1 26. Rxe1 Kf8 27. g4 Nd7 28. Nxd7+ Bxd7 29. Kd2 Bb4+ 30. Bc3 c5 31. Bxb4 Rxb4 32. Re5 Bc6 33. c4 Rxb3 34. cxd5 Bxa4 35. d6 Rb2+ 36. Kc3 Rb3+ 37. Kd2 Rb2+ 38. Ke3 Rb6 39. Rd5 Bd7 40. Rxc5 Rxd6 41. Rxa5 g6 42. Ra7 Be6 43. Be4 Kg7 44. Kf4 Rb6 45. Kg3 g5 46. Rc7 Rb4 47. Ra7 Kf6 48. Ra8 Kg7 49. Ra7 Rb8 50. Rc7 Rh8 51. Rc5 Kf6 52. Rc7 h5 53. gxh5 Rxh5 54. Rc5 Rh8 55. Ra5 Rh3+ 56. Kg2 Rh8 57. Kg3 Rc8 58. Rb5 Rc1 59. Ra5 Rc8 60. Rb5 Rd8 61. Ra5 1/2-1/2

[Event "World Blitz Championship"]
[Site "Almaty KAZ"]
[Date "2022.12.29"]
[Round "2.39"]
[White "M Amin Tabatabaei"]
[Black "Arjun Erigaisi"]
[Result "1/2-1/2"]
[EventDate "2022.12.29"]
[WhiteElo "2660"]
[BlackElo "2722"]
[PlyCount "108"]

1. d4 Nf6 2. c4 g6 3. g3 Bg7 4. Bg2 O-O 5. Nc3 Nc6 6. h3 e5 7. d5 Na5 8. b3 e4 9. Qc2 Re8 10. e3 b5 11. cxb5 a6 12. Bb2 axb5 13. Nxb5 Ba6 14. a4 Nxd5 15. Bxg7 Kxg7 16. Rd1 c6 17. Nd6 Qb6 18. Nxe8+ Rxe8 19. Bf1 Bc8 20. Bc4 Nb4 21. Qc3+ Kg8 22. Rd6 Nxc4 23. bxc4 Nd3+ 24. Rxd3 exd3 25. Qxd3 Qb4+ 26. Kf1 Qxa4 27. Kg2 c5 28. Ne2 Bb7+ 29. f3 Ba6 30. Rc1 d5 31. Qxd5 Rxe3 32. Kf2 Qe8 33. Nc3 Re5 34. Qd2 Bb7 35. Re1 Kg7 36. Rxe5 Qxe5 37. Qe3 Qf5 38. g4 Qf6 39. Kg3 h5 40. gxh5 gxh5 41. h4 Qg6+ 42. Kf2 Qc2+ 43. Kg3 Qg6+ 44. Kf2 Qf5 45. Ne2 Qf6 46. Qf4 Qxf4 47. Nxf4 Ba6 48. Nxh5+ Kh6 49. Ng3 Bxc4 50. Ne4 f5 51. Nxc5 f4 52. Nd7 Kh5 53. Ne5 Bd5 54. Nd3 Kxh4 1/2-1/2

[Event "World Blitz Championship"]
[Site "Almaty KAZ"]
[Date "2022.12.29"]
[Round "3.28"]
[White "Arjun Erigaisi"]
[Black "Gabriel Sargissian"]
[Result "1/2-1/2"]
[EventDate "2022.12.29"]
[WhiteElo "2722"]
[BlackElo "2699"]
[PlyCount "116"]

1. d4 d5 2. Bf4 Bf5 3. e3 e6 4. c4 Nf6 5. Nc3 Bb4 6. Qb3 c5 7. dxc5 Qa5 8. a3 Bxc3+ 9. bxc3 Nbd7 10. Bd6 Nxc5 11. Qb4 Qxb4 12. cxb4 Nd3+ 13. Bxd3 Bxd3 14. c5 Ne4 15. Be5 f6 16. Bb2 e5 17. h4 a5 18. f3 Ng3 19. Rh3 Nf5 20. Kd2 Bc4 21. Ne2 axb4 22. axb4 Rxa1 23. Bxa1 Kd7 24. Nc1 Ra8 25. Bb2 Ra4 26. g4 Ne7 27. Bc3 Nc6 28. g5 d4 29. exd4 exd4 30. Bb2 Rxb4 31. Ba3 Ra4 32. f4 Be6 33. Rg3 Bf5 34. gxf6 gxf6 35. Bb2 Ke6 36. Rb3 Na5 37. Rb5 Nc4+ 38. Ke1 Nxb2 39. Rxb2 Kd5 40. Rxb7 Rc4 41. Nb3 d3 42. Rb6 Rc3 43. Rxf6 Ke4 44. Nd2+ Kxf4 45. c6 Ke5 46. Rf8 Rxc6 47. Nf3+ Ke4 48. Nd2+ Ke3 49. Re8+ Re6 50. Nf1+ Kf4+ 51. Rxe6 Bxe6 52. Kd2 Bf5 53. Ne3 Be4 54. Nc4 Kg3 55. h5 Kf4 56. Nd6 Ke5 57. Nxe4 Kxe4 58. h6 Ke5 1/2-1/2

[Event "World Blitz Championship"]
[Site "Almaty KAZ"]
[Date "2022.12.29"]
[Round "4.39"]
[White "Baadur Jobava"]
[Black "Arjun Erigaisi"]
[Result "0-1"]
[EventDate "2022.12.29"]
[WhiteElo "2578"]
[BlackElo "2722"]
[PlyCount "92"]

1. e4 c5 2. c3 d5 3. exd5 Qxd5 4. d4 Nf6 5. Nf3 e6 6. Na3 a6 7. Nc4 Nbd7 8. Ne3 Qc6 9. Be2 Be7 10. O-O O-O 11. a4 b6 12. Ne5 Qc7 13. Bf3 Bb7 14. Bxb7 Qxb7 15. Nxd7 Qxd7 16. dxc5 Bxc5 17. Ng4 Nd5 18. c4 f5 19. Ne5 Qc7 20. Nd3 Nf6 21. Qe2 Rfe8 22. Bf4 Bd6 23. Bxd6 Qxd6 24. Rfd1 e5 25. g3 a5 26. c5 bxc5 27. Rac1 Rac8 28. Nxc5 Qe7 29. Qb5 e4 30. Re1 Ng4 31. Qxa5 Ne5 32. Kg2 h5 33. Qb5 h4 34. b4 Qf7 35. Qe2 Nf3 36. Red1 Qh5 37. h3 hxg3 38. fxg3 Rc6 39. Qe3 Rh6 40. Rh1 Rg6 41. Kf2 Ne5 42. a5 Rd8 43. a6 Nd3+ 44. Nxd3 Rxd3 45. Qe2 Qg5 46. Rc2 Qxg3+ 0-1

[Event "World Blitz Championship"]
[Site "Almaty KAZ"]
[Date "2022.12.29"]
[Round "5.23"]
[White "V Pranav"]
[Black "Arjun Erigaisi"]
[Result "0-1"]
[EventDate "2022.12.29"]
[WhiteElo "2545"]
[BlackElo "2722"]
[PlyCount "56"]

1. e4 c5 2. Nf3 d6 3. d4 cxd4 4. Nxd4 Nf6 5. Nc3 g6 6. Bb5+ Bd7 7. Bg5 Bg7 8. a4 O-O 9. O-O h6 10. Bh4 Nc6 11. Nb3 Rc8 12. Re1 a6 13. Bf1 Nb4 14. a5 Ng4 15. f3 Ne5 16. Bf2 Nc4 17. Bd4 e5 18. Bf2 Nxb2 19. Qxd6 Nxc2 20. Bb6 Qe8 21. Nd5 Kh7 22. Ne7 Nc4 23. Bxc4 Rxc4 24. Rac1 Nxe1 25. Rxc4 Be6 26. Rc3 Qb5 27. Nc1 Qb2 28. Kf1 Qxc3 0-1

[Event "World Blitz Championship"]
[Site "Almaty KAZ"]
[Date "2022.12.29"]
[Round "6.13"]
[White "Arjun Erigaisi"]
[Black "Sam Shankland"]
[Result "0-1"]
[EventDate "2022.12.29"]
[WhiteElo "2722"]
[BlackElo "2710"]
[PlyCount "118"]

1. b3 e5 2. Bb2 Nc6 3. e3 Nf6 4. Nf3 e4 5. Nd4 Nxd4 6. Bxd4 Be7 7. c4 b6 8. Be2 Bb7 9. Qc2 O-O 10. O-O Re8 11. f3 c5 12. Bb2 exf3 13. Bxf3 Bxf3 14. Rxf3 d5 15. d3 d4 16. exd4 cxd4 17. Nd2 Bc5 18. Nf1 Ng4 19. h3 Ne3 20. Qf2 Qd7 21. Ng3 Re6 22. a3 a5 23. Nh5 Rae8 24. Rf4 Rg6 25. Ng3 Bd6 26. Rxd4 Bxg3 27. Qxe3 Rxe3 28. Rxd7 h5 29. Rf1 f6 30. Rd8+ Kh7 31. Rd5 Re2 32. Rxh5+ Kg8 33. Bd4 Bh2+ 34. Kh1 Rgxg2 35. Bxb6 Bd6 36. Bg1 Rg3 37. c5 Bc7 38. Bf2 Rxd3 39. b4 axb4 40. axb4 g6 41. Rh4 g5 42. Rc4 Rxh3+ 43. Kg2 Rg3+ 44. Kh1 Rh3+ 45. Kg2 Rg3+ 46. Kh1 Rb3 47. c6 Kf7 48. Rd4 Be5 49. Rd7+ Kg6 50. b5 Rxb5 51. c7 Rc2 52. Bg1 Rb3 53. Bf2 Rxc7 54. Rd8 Rc2 55. Rg8+ Kf7 56. Ra8 Rf3 57. Kg2 g4 58. Ra4 f5 59. Ra5 Bd4 0-1

[Event "World Blitz Championship"]
[Site "Almaty KAZ"]
[Date "2022.12.29"]
[Round "7.27"]
[White "Giga Quparadze"]
[Black "Arjun Erigaisi"]
[Result "1-0"]
[EventDate "2022.12.29"]
[WhiteElo "2470"]
[BlackElo "2722"]
[PlyCount "86"]

1. e4 c5 2. Nf3 d6 3. d4 cxd4 4. Nxd4 Nf6 5. Nc3 g6 6. g3 Nc6 7. Bg2 Nxd4 8. Qxd4 Bg7 9. Qd3 O-O 10. O-O Be6 11. Nd5 Rc8 12. c3 a6 13. Be3 Nd7 14. Qd1 Ne5 15. Bb6 Qe8 16. Bd4 Bxd5 17. exd5 Qb5 18. b3 Nd7 19. c4 Qa5 20. Bxg7 Kxg7 21. Bh3 Rc7 22. Bxd7 Rxd7 23. Qd4+ Kg8 24. h4 b5 25. cxb5 axb5 26. h5 Qa7 27. Qb2 gxh5 28. Qe2 b4 29. Qxh5 Rc7 30. Rae1 Qxa2 31. Rxe7 Rxe7 32. Qg5+ Kh8 33. Qxe7 Kg8 34. Qg5+ Kh8 35. Qf6+ Kg8 36. Qxd6 Qxb3 37. Re1 Qc3 38. Re4 f5 39. Rxb4 Qf6 40. Qc7 Re8 41. d6 f4 42. Rxf4 Qh6 43. Qf7+ 1-0